Tác phẩm của Haruki Murakami ở Việt Nam : Nhìn từ phương diện dịch thuật và nghiên cứu /

Salvato in:
Dettagli Bibliografici
Autore principale: Hà Văn Lưỡng.
Natura: Articolo
Lingua:Vietnamese
Soggetti:
Tags: Aggiungi Tag
Nessun Tag, puoi essere il primo ad aggiungerne! !
Thư viện lưu trữ: Thư viện Trường Đại học Đà Lạt
LEADER 00815nam a2200265 4500
001 DLU120143009
005 ##20121025
040 # # |a DLU  |b vie 
041 # # |a vie 
044 # # |a vn 
100 # # |a Hà Văn Lưỡng. 
245 # # |a Tác phẩm của Haruki Murakami ở Việt Nam :  |b Nhìn từ phương diện dịch thuật và nghiên cứu /  |c Hà Văn Lưỡng. 
653 # # |a Dịch thuật 
653 # # |a Nguyên bản 
653 # # |a Văn học Nhật Bản 
773 # # |t Nghiên cứu văn học  |g Số 4(482), 2012, tr. 87-96 
920 # # |a Phòng Tạp chí -- Trung tâm Thông tin - Thư viện Trường Đại học Đà Lạt 
994 # # |a DLU 
900 # # |a True 
911 # # |a Nguyễn Thị Linh Chi 
925 # # |a G 
926 # # |a A 
927 # # |a BB 
980 # # |a Thư viện Trường Đại học Đà Lạt